000 01041nam a22002657a 4500
001 44387
003 BD-RjUL
005 20211209053840.0
008 160717s1983 ii ||||| |||| 00| 0 ben d
020 _c: IRs 15.00
035 _a(BD-RjUL)44505
040 _aBD-RjUL
_bben
_cBD-RjUL
041 _aben
082 _223
_a915.4
_bIBN 1983
245 0 0 _aইবন বাতুতার দেখা ভারত /
250 _aপরিবর্ধিত ও পরিমার্জিত সং.
260 _aকলিকাতা :
_bফার্মা কেএলএ,
_c১৯৮৩
300 _a[২০], ১৩৮ পৃ. ;
_c২১ সেমি.
490 _aবিদেশীদের চোখে ভারতবর্ষ
650 _aভ্রমন
_zভারত
_9136240
650 _aTravel
_zIndia
_9136241
700 _aদাশগুপ্ত, প্রেমময়, সংকলক
_9136242
856 _3বিদেশীদের চোখে ভারতবর্ষ
942 _2ddc
_cBK
_01
999 _c44387
_d44387